000 01138cam a2200301Ia 45 0
001 u159524
003 SIRSI
008 100324s2004 ua a bm 000 0 eng d
040 _aEAL
041 _aeng
_bara
090 _aCD-1776
100 1 _aEl-Sheikh, Hany Salem Hamdy.
245 1 0 _aMethods and techniques for maximizing efficient use of saline water for irrigation
_h[computer file]/
_cHany Salem Hamdy El-Sheikh.
246 1 5 _aطرق وتقنيات للحصول على أعلى كفاءة من استخدام الماء المالح فى الرى.
260 _c2004.
300 _aComputer laser optical disks;
_c4 3/4 in.
502 _aThesis (Ph.D.) --Zagazig University,2004.
504 _aIncludes bibliographical references (leaves274-292).
538 _aSystems requirments: Adobe Reader.
546 _aSummary in Arabic.
596 _a1
650 0 _aSaline irrigation.
650 0 _aIrrigation water.
650 0 _aPlants
_xEffect of salts on.
650 3 _awater use efficiency.
856 4 0 _uhttp://nile.enal.sci.eg/thesis/1776.pdf
_zContent & Abstract.
942 _cETH
_2lcc
999 _c15278
_d15278